| 000 | 01001cam a2200277 4500 | ||
|---|---|---|---|
| 001 | sa 68019767 | ||
| 003 | DLC | ||
| 005 | 20260227112719.0 | ||
| 008 | 720605s1968 ii ab 10000 eng | ||
| 010 | _asa 68019767 //r91 | ||
| 025 | _aPL480:I-E-1087 | ||
| 040 |
_aDLC _cDLC _dCU |
||
| 043 | _aa-ii--- | ||
| 050 | 0 | 0 |
_aSD88.W4 _bA3 no. 13 _aSD646.W4 |
| 082 | 0 | 0 |
_a634.9/0954/14 s _a658/.93/49095414 |
| 110 | 1 | 0 |
_aWest Bengal (India). _bOffice of the Chief Conservator of Forests. _bPlanning and Statistical Cell. |
| 245 | 1 | 2 | _aA guide to forest management in West Bengal. |
| 260 | 1 |
_a[Calcutta] _c1968. |
|
| 300 |
_a68 l. _billus., map. _c30 cm. |
||
| 350 | _aRs2.00 | ||
| 410 | 1 | 1 |
_aIts _tBulletin _vno. 13 |
| 500 | _a"Published on the occasion of Ninth Commonwealth Forestry Conference, New Delhi, 1968." | ||
| 650 | 0 |
_aForest management _zIndia _zWest Bengal. |
|
| 650 | 0 |
_aForests and forestry _zIndia _zWest Bengal. |
|
| 711 | 2 | 0 |
_aBritish Commonwealth Forestry Conference, _b9th, _cDelhi, _d1968. |
| 999 |
_c89062 _d89062 |
||